000 00750nam a2200253 i 4500
001 000048406
003 DO-SdBNP
005 20240605141920.0
007 ta
008 190304s2017 dr 000 0 spa d
020 _a9789945910100
040 _aDO-SdBNP
_bspa
_cBNPHU
_erda
082 _222
245 0 0 _aNormas editoriales AGN :
_bDepartamento de Investigación /
264 1 _aSanto DOmingo :
_bArchivo General de la Nación,
_c2017.
300 _a178 páginas
_c27 cm.
336 _2rdacontent
_atexto
_btxt
337 _2rdamedia
_asin mediación
_bn
338 _2rdacarrier
_avolumen
_bnc
490 1 _aArchivo General de la Nación
_v323
504 _aBibliografía : p. 177-178
590 _aInventariado, 2019/VM
942 _2ddc
_cLBS1
999 _c47894
_d47894